Prácticas agronómicas para el sudoeste bonaerense : un enfoque para la disminución de la unidad económica agraria /
Guardado en:
| Autor Principal: | |
|---|---|
| Otros Autores: | |
| Formato: | Libro |
| Idioma: | Undetermined |
| Publicado: |
Bahía Blanca :
EdiUNS,
2024.
|
| Etiquetas: |
Agregar Etiqueta
Sin Etiquetas, Sea el primero en etiquetar este registro!
|
| LEADER | 00749nam a22001815a 4500 | ||
|---|---|---|---|
| 001 | EEA.libagro011571 | ||
| 008 | 241213s2024####ag############000#0#und#d | ||
| 005 | 20250218121149.0 | ||
| 245 | 1 | 0 | |a Prácticas agronómicas para el sudoeste bonaerense : |b un enfoque para la disminución de la unidad económica agraria / |c Mariano Menghini y Verónica Piñeiro . comp. |
| 260 | |a Bahía Blanca : |b EdiUNS, |c 2024. | ||
| 300 | |a 96 p. : |b 29,5 cm. ; |c 30 cm. | ||
| 020 | |a 9789876553704 | ||
| 100 | 1 | |a Menghini, Mariano. | |
| 700 | 1 | |a Piñeiro, Verónica. | |
| 082 | 0 | 4 | |a 338.16 |
| 859 | |a AR-BbBCA |b BIB. AGRONOMIA |h 338.16 |i M544 |p 2024/7397 | ||
| 859 | |a AR-BbBCA |b BIB. AGRONOMIA |h 338.16 |i M544 |p 2024/7398 |t Ej.2 | ||
| 859 | |a AR-BbBCA |b BIB. AGRONOMIA |h 338.16 |i M544 |p 2024/7399 |t Ej.3 | ||
